LEADER 01122nam0-2200325---450- 001 990009436050403321 005 20110928143103.0 035 $a000943605 035 $aFED01000943605 035 $a(Aleph)000943605FED01 035 $a000943605 100 $a20110928d1887----km-y0itay50------ba 101 1 $afre$cger 102 $aBE 105 $aa-------001yy 200 1 $a<>microorganismes$eétudiés spécialement au point de vue de l'étiologie des maladies infectieuses$fpar le Dr. C. Flügge$gtraduit de l'allemand d'après la 2e éd. par F. Henrijean$gpréface par C. Firket 210 $aBruxelles$cA. Manceaux$d1887 215 $a644 p.$cill.$d24 cm 454 0$12001$a<>Mikroorganismen$emit besonderer Berücksichtigung der Aetiologie der Infectionskrankheiten$913562 610 0 $aMicrorganismi 700 1$aFlügge,$bCarl$0512944 702 1$aHenrijean,$bFrançois 702 1$aFirket,$bC. 801 0$aIT$bUNINA$gRICA$2UNIMARC 901 $aBK 912 $a990009436050403321 952 $a57 A 8$b3461$fDMVAP 959 $aDMVAP 996 $aMikroorganismen$913562 997 $aUNINA LEADER 01143nam2-2200397---450- 001 990003665260203316 005 20120525155119.0 010 $a978-88-7462-192-7 035 $a000366526 035 $aUSA01000366526 035 $a(ALEPH)000366526USA01 035 $a000366526 100 $a20120525d2008----km-y0itay50------ba 101 $aita 102 $aIT 105 $a||||||||001yy 200 1 $aVerità relativismo relatività$fa cura di Tito Perlini 210 $aMacerata$cQuodlibet$d2008 215 $a214 p.$d24 cm 410 0$12001 454 1$12001 461 1$1001000366528$12001$a<<˜L'>> ospite ingrato 606 0 $aRelativismo$2BNCF 676 $a171.1 702 1$aPERLINI,$bTito 801 0$aIT$bsalbc$gISBD 912 $a990003665260203316 951 $aII.6. 1461$b74099 G.$cII.6.$d00311169 959 $aBK 969 $aUMA 979 $aFIORELLA$b90$c20120525$lUSA01$h1529 979 $aFIORELLA$b90$c20120525$lUSA01$h1532 979 $aFIORELLA$b90$c20120525$lUSA01$h1543 979 $aFIORELLA$b90$c20120525$lUSA01$h1551 996 $aVerità relativismo relatività$91139296 997 $aUNISA LEADER 02877nam 2200517 450 001 9910463177603321 005 20200520144314.0 010 $a1-84904-444-9 010 $a1-84904-445-7 035 $a(CKB)2670000000492905 035 $a(EBL)1538403 035 $a(OCoLC)863822867 035 $a(MiAaPQ)EBC4704112 035 $a(MiAaPQ)EBC1538403 035 $a(Au-PeEL)EBL4704112 035 $a(CaPaEBR)ebr11273930 035 $a(Au-PeEL)EBL1538403 035 $a(EXLCZ)992670000000492905 100 $a20161012h20102010 uy 0 101 0 $aeng 135 $aur|n|---||||| 181 $2rdacontent 182 $2rdamedia 183 $2rdacarrier 200 10$aMy Life with the Taliban /$fAbdul Salam Zaeef ; edited by Alex Strick van Linschoten and Felix Kuehn 210 1$aLondon [England] :$cHurst & Company,$d2010. 210 4$d©2010 215 $a1 online resource (681 p.) 300 $aDescription based upon print version of record. 311 $a1-84904-152-0 320 $aIncludes bibliographical references and index. 327 $aCover; Title Page; Copyright Page; CONTENTS; Kandahar: Portrait of a City; Editors' Acknowledgements; Editors' Notes; Character List; Foreword by Barnett R. Rubin; Preface by Abdul Salam Zaeef; 1. Death at Home; 2. The Camps; 3. The Jihad; 4. Lessons from the ISI; 5. Bitter Pictures; 6. Withdrawal; 7. Taking Action; 8. The Beginning; 9. Administrative Rule; 10. Mines and Industries; 11. A Monumental Task; 12. Diplomatic Principles; 13. Growing Tensions; 14. The Osama Issue; 15. 9/11 and its Aftermath; 16. A Hard Realisation; 17. Prisoner 306; 18. Guanta?namo Bay; 19. Graveyard of the Living 327 $a20. Getting Out21. No War to Win; Epilogue: Afghanistan Today; Note; Bibliography; Chronology; Glossary; Suggestions for Further Reading; About the Author and Editors; Index; Footnotes; Otherfmfn; Forewordfn 330 $aThis is the autobiography of Abdul Salam Zaeef, a senior former member of the Taliban. His memoirs, translated from Pashto, are more than just a personal account of his extraordinary life. My Life with the Taliban offers a counter-narrative to the standard accounts of Afghanistan since 1979. Zaeef describes growing up in rural poverty in Kandahar province. Both of his parents died at an early age, and the Russian invasion of 1979 forced him to flee to Pakistan. He started fighting the jihad in 1983, during which time he was associated with many major figures in the anti-Soviet resistance, incl 608 $aElectronic books. 676 $a958.1047 700 $aZaeef$b Abdul Salam$01054102 702 $aStrick van Linschoten$b Alex 702 $aKuehn$b Felix 801 0$bMiAaPQ 801 1$bMiAaPQ 801 2$bMiAaPQ 906 $aBOOK 912 $a9910463177603321 996 $aMy Life with the Taliban$92486430 997 $aUNINA